| 000 | 005810000a22001930004500 | ||
|---|---|---|---|
| 003 | LK-CoMWRAF | ||
| 005 | 20231115095929.0 | ||
| 008 | 230817t1997 ||||| |||| 00| 0 eng d | ||
| 020 | _a0471142166 | ||
| 040 |
_aLK-CoMWRAF _dLK-CoMWRAF _eLK-CoMWRAF |
||
| 041 | _aeng | ||
| 082 |
_a128.2 _bDEV |
||
| 100 | _aDevlin, Keith | ||
| 245 |
_aGoodbye, Descartes: _bthe end of logic and the search for a new cosmology of the mind |
||
| 260 |
_aNew York: _bWiley, _c1997 |
||
| 300 |
_ax, 301 p. : ill. ; 25 cm. _bBibliography and index included |
||
| 650 | _aPHILOSOPHY OF MIND | ||
| 942 | _cBK | ||
| 999 |
_c322 _d322 |
||